| 000 | 00713nam a2200205Ia 4500 | ||
|---|---|---|---|
| 003 | GCL | ||
| 008 | 140319s9999 xx 000 0 ara d | ||
| 040 |
_aGCL / _cGCL |
||
| 082 | 0 | 4 |
_a301.45 _bس م |
| 100 | 1 | _aسعدالدين ابراهيم | |
| 245 | 1 | 0 |
_aالملل والنحل والاعراق : هموم الاقليات فى الوطن العربى / _cسعدالدين ابراهيم |
| 260 |
_aالقاهرة : _bمركز ابن خلدون للدراسات الانمائية ، _c1994 |
||
| 300 |
_a826 ص ؛ _c24 سم |
||
| 490 | _a | ||
| 650 | 0 | 4 | _aالوطن العربى |
| 650 | 0 | 4 | _aالاقليات |
| 650 | 0 | 4 | _aالاقباط |
| 650 | 0 | 4 | _aالتسامح الدينى |
| 942 |
_2ddc _cBK |
||
| 999 |
_c34429 _d34429 |
||